Statistics for Cities with no cities bigger than it north of it (by population)

Click here to take the quiz!

General Stats

  • This quiz has been taken 39 times
  • The average score is 7 of 16

Answer Stats

LatitudeCountry (Territory)PopulationCity% Correct
60°10′NFinland621 863Helsinki
92%
59°57′NRussia6 200 000Saint Petersburg
92%
55°45′NRussia17 400 000Moscow
89%
35°41′NJapan39 800 000Tokyo
89%
40°42′NUnited States23 723 696New York City
84%
23°08′NChina48 600 000Guangzhou
68%
68°57′NRussia307 257Murmansk
54%
69°39′NNorway71 295Tromsø
32%
78°13′NNorway (Svalbard)2 075Longyearbyen
32%
70°39′NNorway7 568Hammerfest
24%
64°32′NRussia348 740Arkhangelsk
24%
69°20′NRussia175 365Norilsk
19%
78°55′NNorway (Svalbard)35Ny-Ålesund
16%
69°58′NNorway14 272Alta
8%
71°58′NRussia2 450Khatanga
5%
71°39′NRussia5 063Tiksi
5%

Score Distribution

Percentile by Number Answered

Percent of People with Each Score

Your Score History

You have not taken this quiz